MARC details
| 000 -CABECERA |
| campo de control de longitud fija |
03141nam a22003137a 4500 |
| 003 - IDENTIFICADOR DEL NÚMERO DE CONTROL |
| campo de control |
OSt |
| 005 - FECHA Y HORA DE LA ÚLTIMA TRANSACCIÓN |
| campo de control |
20260513175034.0 |
| 008 - DATOS DE LONGITUD FIJA--INFORMACIÓN GENERAL |
| campo de control de longitud fija |
260121b |||||||| |||| 00| 0 eng d |
| 022 ## - NÚMERO INTERNACIONAL NORMALIZADO PARA PUBLICACIONES SERIADAS |
| Número Internacional Normalizado para Publicaciones Seriadas |
2392-8042 |
| 022 ## - NÚMERO INTERNACIONAL NORMALIZADO PARA PUBLICACIONES SERIADAS |
| Número Internacional Normalizado para Publicaciones Seriadas |
2286-2668 |
| 040 ## - FUENTE DE LA CATALOGACIÓN |
| Centro catalogador/agencia de origen |
TBS |
| Lengua de catalogación |
EN |
| Centro/agencia transcriptor |
TBS |
| 041 ## - CÓDIGO DE LENGUA |
| Código de lengua del texto/banda sonora o título independiente |
eng |
| 100 ## - ENTRADA PRINCIPAL--NOMBRE DE PERSONA |
| Nombre de persona |
Zeineddine, Cornelia |
| 9 (RLIN) |
27018 |
| 245 ## - MENCIÓN DE TÍTULO |
| Título |
Nation branding and its potential for differentiation in regional politics |
| Resto del título |
: the case of the United Arab Emirates and Qatar |
| Mención de responsabilidad, etc. |
/ Cornelia Zeineddine, Luminița Nicolescu. |
| 260 ## - PUBLICACIÓN, DISTRIBUCIÓN, ETC. |
| Nombre del editor, distribuidor, etc. |
Management Dynamics in the Knowledge Economy, |
| Fecha de publicación, distribución, etc. |
2018. |
| 300 ## - DESCRIPCIÓN FÍSICA |
| Extensión |
167-185 pages. |
| 362 ## - FECHAS DE PUBLICACIÓN Y/O DESIGNACIÓN SECUENCIAL |
| Fecha de publicación y/o designación secuencial |
Management dynamics in the knowledge economy, 2018-03, Vol.6 (1), p.167-185 |
| 520 ## - SUMARIO, ETC. |
| Sumario, etc. |
Simon Anholt, who fathered the concept of nation branding, values the nation brand as the most important resource of a state as it contributes to obtaining a competitive advantage and a consolidated position in the international marketplace. This paper pinpoints how Anholt’s paradigm for nation branding applies in the case study of two Middle Eastern countries: the United Arab Emirates (UAE) and Qatar and its benefits for this regional context. The Middle Eastern countries operate less with the nation branding concepts when compared with the Western world. However, the UAE and Qatar used nation branding techniques quite savvy, Anholt’s model internalization being relevant. As of today, the UAE represents Middle East’s most powerful brand, while one of its main cities- Dubai- has gained a reputation for its cosmopolitan vibe, whereas Doha of Qatar is consolidating its fame on the international sports circuit. Overall, the Gulf Cooperation Council (GCC) bloc - a region of great wealth positioned between the Persian Gulf and the Arabian Peninsula- has become acquainted with the advantages of nation branding. Despite the fact that these countries did not target creating a nation brand per se, they took measures for economic development that resulted in nation branding and regional differentiation. In the recent years, Qatar and the UAE have developed strategies for branding attractions that help in distinguishing themselves from their neighbors. The study uses Anholt’s conceptual framework for assessing the two countries in their different development stages and from a comparative viewpoint, identifying both communalities and differentiating strategies while developing nation brands. The conclusion is that nation branding can be particularly beneficial to nations from emerging economies and that the GCC specifically can benefit from this process. |
| 630 #0 - PUNTO DE ACCESO ADICIONAL DE MATERIA--TÍTULO UNIFORME |
| Título uniforme |
MSc International Business |
| 9 (RLIN) |
26977 |
| 650 #0 - PUNTO DE ACCESO ADICIONAL DE MATERIA--TÉRMINO DE MATERIA |
| Término de materia o nombre geográfico como elemento de entrada |
Place-marketing |
| Subdivisión geográfica |
United Arab Emirates (UAE) |
| 9 (RLIN) |
27046 |
| 650 #0 - PUNTO DE ACCESO ADICIONAL DE MATERIA--TÉRMINO DE MATERIA |
| Término de materia o nombre geográfico como elemento de entrada |
Place-marketing |
| Subdivisión geográfica |
Qatar |
| 9 (RLIN) |
27047 |
| 650 #0 - PUNTO DE ACCESO ADICIONAL DE MATERIA--TÉRMINO DE MATERIA |
| Término de materia o nombre geográfico como elemento de entrada |
Place marketing |
| Subdivisión general |
Government policy |
| 9 (RLIN) |
27048 |
| 650 #0 - PUNTO DE ACCESO ADICIONAL DE MATERIA--TÉRMINO DE MATERIA |
| Término de materia o nombre geográfico como elemento de entrada |
Cultural diplomacy |
| 9 (RLIN) |
27049 |
| 650 #0 - PUNTO DE ACCESO ADICIONAL DE MATERIA--TÉRMINO DE MATERIA |
| Término de materia o nombre geográfico como elemento de entrada |
Branding (Marketing) |
| Subdivisión general |
Political aspects |
| 9 (RLIN) |
27050 |
| 650 #0 - PUNTO DE ACCESO ADICIONAL DE MATERIA--TÉRMINO DE MATERIA |
| Término de materia o nombre geográfico como elemento de entrada |
Foreign public opinion |
| 9 (RLIN) |
27051 |
| 700 ## - ENTRADA AGREGADA--NOMBRE PERSONAL |
| Nombre de persona |
Nicolescu, Luminița |
| 9 (RLIN) |
27052 |
| Término indicativo de función/relación |
author |
| 856 ## - LOCALIZACIÓN Y ACCESO ELECTRÓNICOS |
| Identificador Uniforme del Recurso |
<a href="https://research-ebsco-com.hub.tbs-education.fr/linkprocessor/plink?id=74bf4c26-89f3-3443-ba73-5f01f7f8c160">https://research-ebsco-com.hub.tbs-education.fr/linkprocessor/plink?id=74bf4c26-89f3-3443-ba73-5f01f7f8c160</a> |
| 942 ## - ELEMENTOS DE ENTRADA AGREGADA (KOHA) |
| Fuente del sistema de clasificación o colocación |
Clasificación de Library of Congress |